Memoria sobre el estado de los negocios y el movimiento comercial e industrial de Cataluña : año 1972 / Cámaras Oficiales de Comercio, Industria y Navegación de Cataluña año 1972 / Cámaras Oficiales de Comercio, Industria y Navegación de Cataluña
Descripción Física:
LI, 658 p. : il., [13] f. de làm. ; 21 cm
MARC
| LEADER | 00000nam a2200000Ia 4500 | ||
|---|---|---|---|
| 001 | 1797 | ||
| 008 | 160829s9999 xx 000 0 cat d | ||
| 080 | |a M-2-256 | ||
| 245 | |a Memoria sobre el estado de los negocios y el movimiento comercial e industrial de Cataluña : |b año 1972 / Cámaras Oficiales de Comercio, Industria y Navegación de Cataluña | ||
| 260 | |a [Barcelona : |b Grafesa, dl 1973] | ||
| 300 | |a LI, 658 p. : |b il., [13] f. de làm. ; |c 21 cm | ||
| 590 | |a A la coberta: 'Memoria económica de Cataluña : 72' | ||
| 650 | |a Indústries |x Catalunya |x 1972 |9 30649 | ||
| 650 | |a Catalunya |x Comerç |x 1972 |9 30650 | ||
| 700 | |a Cámaras Oficiales de Comercio, Industria y Navegación de Cataluña |9 30651 | ||
| 901 | |a Arxiu | ||
| 942 | |n 1 | ||
| 952 | |0 0 |1 0 |4 0 |6 M2256 |7 1 |9 45471 |a Arxiu |b Arxiu |d 2016-12-01 |l 0 |o M-2-256 |p 1797 |r 2016-12-01 00:00:00 |w 2016-12-01 |y ARXIU | ||
| 999 | |c 48636 |d 48636 | ||